01340nam a2200265 a 450000100060000000300080000600500170001400800410003103500190007204000220009108200240011324500900013726000650022730000260029250001340031850000800045250001220053250400310065465000630068571000860074873000540083494200120088899900170090095201570091777548BD-RjUL20211209083002.0201119s19659999ii a b 001 0 eng  a(BD-RjUL)77773 aDLCcDLCdBD-RjUL 223a630.5bIAE 198300aIndian journal of agricultural economics /cIndian Society of Agricultural Economics. aBombay :bIndian Society of Agricultural Economics,c[1965-] a v.:billus.;c25 cm. aPublished on the occasion of the Annual Conference of the Indian Society of Agricultural Economics during the jubilee year, 1965. a"Indian journal of agricultural economics, 1940-1964: index": p. [391]-475. aAlso includes index to the Proceedings of the Conferences of the Indian Society of Agricultural Economics, 1940-1945. aBibliographical footnotes. 0aAgriculturexEconomic aspectszIndia.vPeriodicals92420362 aIndian Society of Agricultural Economics.tProceedings of the Conference.92420370 aIndian journal of agricultural economics.9242038 2ddccCR c77548d77548 00102ddc4051718SRaRUCLbRUCLcSeriald2020-11-19hVolume-38 No.1-4 1983l0oP 630.5 IAE V-38 No.1-4 1983r2020-11-19 00:00:00tC-1w2020-11-19yCR